00331pab a2200109 454500008004000000245008900040260000900129300001200138362000900150650002800159773003400187180718b1988 xxu||||| |||| 00| 0 eng d aSpecial issue on industrial crisis managementbLearning from organizational failures c1988 a285-402 aJul. aIndustrial Management I aJournal of Management Studies